Responses for show #7620 - Friday, October 27, 2017

Contestants

Anand Kandaswamy, an economist from Washington, D.C.

Ashley Phillips, a homemaker and home-schooling mom from Lantana, Texas

Erica Irving, a web developer from Washington, D.C. (whose 1-day cash winnings total $18,801)

Jeopardy! Round responses

YOU GOT SOME REAL BIRTHSTONES, MAN
CONTEMPORARIES
LA LA LAND
MODERN LINGO
MUSEUMS
THAT MOVIE HAD NO SEQUEL
(Alex: We'll give you three movies. You tell us which of the three never had a sequel.)
    $200 1
pearls

Anand
    $200 14
Martin Luther

Anand
    $200 21
Schwarzenegger

Ashley
    $200 26
missing out

Ashley
    $200 13
the Air and Space Museum

Anand
    $200 6
Driving Miss Daisy

Erica
    $400 7
ruby

Ashley
    $400 15
Harpers Ferry

Erica
    $400 22
the Chargers

Ashley
    $400 27
(Alex: Less than a minute to go now.)

shade

Erica
    $400 9
(Anand: What is Harvard?)

MIT

Anand
Triple Stumper
    $400 2
L.A. Confidential

Anand
    $600 8
diamonds

Anand
    $600 18
Sense and Sensibility

Erica
    $600 23
the Hollywood Bowl

Anand
    $600 28
(Anand: What is pen?)

"Lit Like Bic"

Anand
Triple Stumper
    $600 10
Afghanistan

Anand
    $600 3
Bridesmaids

Anand
    $800 16
opal

Erica
    $800 19
Mozart

Anand
    $800 24
interchange

Erica
    $1,000 30
mic drop

Erica
    $800 11
(Salvador) Dali

Erica
    $800 4
(Ashley: What is The Fly?)

Snakes on a Plane

EricaAshley
    $1000 17
garnet

Erica
    $1000 20
Torquemada

Anand
    $1000 25
the Broad Museum

Triple Stumper
    $1000 29
stalker and fan

Triple Stumper
    $1000 12
the Lorraine Motel

Triple Stumper
    $1000 5
The Bodyguard

Erica

Scores at the first commercial break (after clue 15):

Erica Ashley Anand
$3,200 -$400 $2,400

Scores at the end of the Jeopardy! Round:

Erica Ashley Anand
$7,800 $400 $4,200

Double Jeopardy! Round responses

AMERICAN AUTHORS
BOTANY
COLLEGES & UNIVERSITIES
1970s ALBUMS
"T"4
THE TILLERSON
    $400 11
Hemingway

Ashley
    $400 16
poison ivy

Anand
    $400 6
the University of Wisconsin

Anand
    $400 17
Michael Jackson

Anand
    $400 1
the tuba

Ashley
    $400 26
ExxonMobil

Anand
    $800 12
Jack London

Anand
    $800 22
the petals

Triple Stumper
    $800 7
Stanford

Anand
    $800 18
Let It Be

Anand
    $800 2
tĂȘte

Ashley
    $800 27
North Korea

Anand
    $1200 13
(Ayn) Rand

Erica
    $2,500 23
succulents

Erica
    $1200 8
St. Louis

Erica
    $1200 19
Cat Stevens

Triple Stumper
    $1200 3
taro

Ashley
    $1200 28
NATO

Anand
    $1600 14
Richard Wright

Triple Stumper
    $1600 24
belladonna

Erica
    $1600 9
Old Dominion

Anand
    $1600 20
the Allman Brothers Band

Anand
    $1600 4
tang

Triple Stumper
    $1600 29
(Anand: What is Russia?)

Mexico

Anand
Triple Stumper
    $2000 15
Joyce Carol Oates

Triple Stumper
    $2000 25
phototropism

Triple Stumper
    $2,500 10
(Anand: What is Tulane University?)
(Alex: No. If you translated "red stick" into French--)
(Anand: Baton Rouge?)
(Alex: Baton Rouge.)

LSU

Anand
    $2000 21
A Day at the Races

Erica
    $2000 5
a Toby

Triple Stumper
    $2000 30
Southeast Asia

Anand

Scores at the end of the Double Jeopardy! Round:

Erica Ashley Anand
$16,300 $3,200 $11,300

[wagering suggestions for these scores]

Final Jeopardy! Round responses

THE WESTERN HEMISPHERE
(Alex: [To Erica] The capital of the country is Belmopan. The country is [*].)
AshleyWhat is Panama?
$3,199
AnandWhat is Brazil?
$1,299
EricaWhat is Panama?
$6,301
Belize

Final scores:

Erica Ashley Anand
$9,999 $1 $10,001
2nd place: $2,000 3rd place: $1,000 New champion: $10,001

Game dynamics:

Coryat scores:

Erica Ashley Anand
$14,800 $3,200 $13,800
16 R
(including 2 DDs),
0 W
8 R,
1 W
22 R,
4 W
(including 1 DD)

Combined Coryat: $31,800

The J! Archive is created by fans, for fans. The Jeopardy! game show and all elements thereof, including but not limited to copyright and trademark thereto, are the property of Jeopardy Productions, Inc. and are protected under law. This website is not affiliated with, sponsored by, or operated by Jeopardy Productions, Inc. Join the discussion at JBoard.tv.